| 000 | 00782nam a2200229 4500 | ||
|---|---|---|---|
| 003 | CBULib | ||
| 005 | 20240924103907.0 | ||
| 008 | 240924b |||||||| |||| 00| 0 eng d | ||
| 040 |
_aCBUlib _bEnglish _cCBULib _erda |
||
| 041 | _aeng | ||
| 050 | _aWWB(02)1995/1 | ||
| 110 | _aWomen's World Banking (WWB) | ||
| 245 |
_aWomen's world banking global policy forum : April 1995 : the missing links: financial sytems that work for the majority _c/ by Women's World Banking (WWB) |
||
| 260 |
_aNew York : _bWomen's World Banking , _c1995 |
||
| 300 | _a38 pages : illustrations | ||
| 336 |
_2rdacontent _aText | _btxt |
||
| 337 |
_2rdamedia _aUnmediated | _bn |
||
| 338 |
_2rdacarrier _aVolume _bnc |
||
| 650 | _aFINANCIAL INSTITUTIONS | ||
| 650 | _aGLOBAL ECONOMY | ||
| 942 |
_2mc _c029 |
||
| 999 |
_c85510 _d85510 |
||